|
|
|
|
| LEADER |
00000cam a2200000 7i4500 |
| 001 |
0000006237 |
| 005 |
20220105104019.0 |
| 008 |
070815 |
| 020 |
|
|
|a 8189274058
|
| 090 |
0 |
0 |
|a JP
|b NH ENG (6660)
|
| 245 |
1 |
0 |
|a Living things
|
| 260 |
|
|
|a United Kingdom :
|b Aureole Publishing ,
|c 2004
|
| 440 |
|
|
|a Amazing facts
|
| 500 |
|
|
|a Children age 4-6 years old (yellow)
|
| 650 |
|
0 |
|a Natural history
|x Juvenile literature
|
| 999 |
|
|
|a 0000984566
|b Book
|c Children Collection
|e Perbadanan Perpustakaan Awam Johor
|
| 999 |
|
|
|a 0000984567
|b Book
|c Children Collection
|e Perbadanan Perpustakaan Awam Johor
|
| 999 |
|
|
|a 0000984569
|b Book
|c Children Collection
|e Cawangan Urban Transformation Centre
|
| 999 |
|
|
|a 0001055758
|b Book
|c Children Collection
|e Cawangan Pontian
|
| 999 |
|
|
|a 0001139430
|b Book
|c Children Collection
|e Cawangan Segamat
|
| 999 |
|
|
|a 0001139431
|b Book
|c Children Collection
|e Cawangan Bandar Penawar
|